000 01028nam a22002537a 4500
005 20180312143025.0
008 130821s2005 sp gr spa
020 _a9788479537845
040 _aCo-BoUCM
_bspa
_cLuz Cupitra (modificó)
_dAldemar Mondragón
041 0 0 _aspa
100 1 _aRicard, Matthieu
_929858
245 1 0 _aEn defensa de la felicidad un auténtico tratado de la felicidad, a la vez que una convincente guía para nuestros individualismos carentes de puntos de referencia
_cMatthieu Ricard ; traducción, Teresa Clavel
260 _aBarcelona (España)
_bEdiciones Urano
_c2005
300 _a347 páginas
504 _aIncluye referencias bibliográficas
650 _aTeología
_925230
650 7 _aBudismo
_910234
650 7 _aFelicidad
_xAspectos religiosos
_2embne
_929859
650 7 _aSalud mental
_923947
700 1 _aClavel, Teresa
_etraductor
_929860
765 _tPlaidoyer pour le bonheur
942 _cLIBRO
_a4
_e1
_mR487e
_2DEWEY
_h294.3444
_n0
999 _c165062
_d165062